| 000 | 00425nam a22001697a 4500 | ||
|---|---|---|---|
| 005 | 20231120113305.0 | ||
| 008 | 231120b ||||| |||| 00| 0 eng d | ||
| 040 | _cAL | ||
| 041 | _aeng | ||
| 082 |
_223 _a020 _bSACL |
||
| 100 |
_aSAC Library _9142336 |
||
| 245 | _aLibray Catalougue | ||
| 260 |
_aMangalore _bSAC College _c1969 |
||
| 650 |
_aLibrary Catalogue _9142332 |
||
| 700 |
_aSAC LIBRARY _9142333 |
||
| 942 |
_2ddc _cBK |
||
| 999 |
_c229248 _d229248 |
||